00546nam a2200181 a 45000010010000000030011000100080041000210350026000620820016000881000026001042450029001302600050001596500018002099420012002279520090002399980020003299990015003490000-8620ELIB.Books110520 1970  a(ELIB.Books)0000-8766 a223.2 bKee aKeesecker, William F. aThe Wisdom Of The Psalms bNew York: The World Publishing Company c1970 aOld Testament 2ddccBK 00102ddc4070aKBTSbKBTSd2011-05-20l0p7497r2022-01-22 00:00:00w2022-01-22yBK cbate2011-05-20 c8620d8620